Gospel and globalisation : (Record no. 4472)
[ view plain ]
| 000 -LEADER | |
|---|---|
| fixed length control field | 00827 a2200217 4500 |
| 010 ## - LCCN (DPL NO) | |
| LC control number | ENG-86320 |
| 020 ## - INTERNATIONAL STANDARD BOOK NUMBER | |
| International Standard Book Number | 8172149239 |
| Terms of availability | 300.00 |
| 035 ## - SYSTEM CONTROL NUMBER | |
| System control number | EN-69853 |
| 037 ## - SOURCE OF ACQUISITION | |
| Source of stock number/acquisition | DBAD / PUB |
| 082 14 - DEWEY DECIMAL CLASSIFICATION NUMBER | |
| Classification number | 337.1 |
| 245 10 - TITLE STATEMENT | |
| Title | Gospel and globalisation : |
| Remainder of title | 2nd South Asia Christian Youth Conference, 8-14 June 2005, Whitefield, Bangalore, India / |
| Statement of responsibility, etc | ed.by Adrian Watkins [and] Leslie Nathaniel |
| 260 ## - PUBLICATION, DISTRIBUTION, ETC. (IMPRINT) | |
| Place of publication, distribution, etc | Delhi |
| Name of publisher, distributor, etc | Indian Society for Promoting Christian Knowledge |
| Date of publication, distribution, etc | 2006 |
| 300 ## - PHYSICAL DESCRIPTION | |
| Extent | xxi, 341 p. [32] p. of plates |
| Other physical details | ill. |
| Dimensions | 25 cm. (Pbk) |
| 520 ## - SUMMARY, ETC. | |
| Summary, etc | Contributed seminar papers |
| 650 #0 - SUBJECT ADDED ENTRY--TOPICAL TERM | |
| Topical term or geographic name as entry element | Globalization |
| General subdivision | Religious aspects |
| -- | Christianity. |
| 650 #0 - SUBJECT ADDED ENTRY--TOPICAL TERM | |
| Topical term or geographic name as entry element | Religion and Sociology |
| 650 #0 - SUBJECT ADDED ENTRY--TOPICAL TERM | |
| Topical term or geographic name as entry element | Religion and culture |
| 700 1# - ADDED ENTRY--PERSONAL NAME | |
| Personal name | Nathaniel, Leslie. |
| 700 1# - ADDED ENTRY--PERSONAL NAME | |
| Personal name | Watkins, Adrian. |
| 942 ## - ADDED ENTRY ELEMENTS (KOHA) | |
| Institution code [OBSOLETE] | dpl |
| Item type | English Books |
| Source of classification or shelving scheme | Dewey Decimal Classification |
| Classification part | 337.1 |
| Call number suffix | SOU |
| Withdrawn status | Lost status | Not for loan | Collection code | Home library | Current library | Source of acquisition | Cost, normal purchase price | Full call number | Barcode | Copy number | Cost, replacement price | Koha item type |
|---|---|---|---|---|---|---|---|---|---|---|---|---|
| Not For Loan | Non-fiction | D.B.Act.Division | D.B.Act.Division | DBAD/PUB | 300.00 | 337.1 SOU | EN--69853 | 1 | 300.00 | English Books |
